000 00834nam a2200265Ia 4500
005 20250425162626.0
008 250425s9999 xx 000 0 und d
020 _a9789588238531
041 _aspa
043 _ack
082 _a793.2
_pNEI
100 _aNeira Restrepo, María Lía
245 0 _aCelebraciones casuales : fiestas con estilo : ideas, decoración y recetas : brunch, tarde de té, cocteles
_cMaría Lía, Neira Restrepo
250 _aPrimera edición
260 _aBogotá
_bGRUPO EDITORIAL NORMA
_c2010
300 _a94 página
_bilustraciones
_c21 cm.
500 _aFIESTAS CON ESTILO : IDEAS, DECORACIÓN Y RECETAS
650 _aCocteles
650 _aDecoración de eventos
650 _aFiestas
650 _aOrganización de celebraciones
902 _cImpreso
942 _c01
010 _a90913
999 _c233116
_d233116